| 000 | 02009nam a2200385Ia 4500 | ||
|---|---|---|---|
| 001 | vtls003203592 | ||
| 003 | MY-SjTCS | ||
| 005 | 20200306164311.0 | ||
| 006 | m u | ||
| 007 | cr cn||||||||| | ||
| 008 | 100712s2006 dcua sb f000 0 eng d | ||
| 010 | _z 2006-922091 | ||
| 020 | _z0309101603 (prepub.) | ||
| 020 | _z0309101425 (pbk.) | ||
| 020 | _z0309658381 (PDF) | ||
| 020 | _z9780309101424 | ||
| 035 | _a(CaPaEBR)ebr10120673 | ||
| 039 | 9 |
_y201007121809 _zVLOAD |
|
| 040 |
_aCaPaEBR _cCaPaEBR |
||
| 050 | 1 | 4 |
_aTD898.118 _b.N35 2006eb |
| 110 | 2 |
_aNational Research Council (U.S.). _bCommittee on Improving Practices for Regulating and Managing Low-Activity Radioactive Wastes. _9249407 |
|
| 245 | 1 | 0 |
_aImproving the regulation and management of low-activity radioactive wastes _h[electronic resource] / _cCommittee on Improving Practices for Regulating and Managing Low-Activity Radioactive Waste, Nuclear and Radiation Studies Board, Division on Earth and Life Studies, National Research Council of the National Academies. |
| 260 |
_aWashington, D.C. : _bNational Academies Press, _cc2006. |
||
| 300 |
_axiv, 209 p : _bill. |
||
| 504 | _aIncludes bibliographical references. | ||
| 529 | _aTSLHHL | ||
| 533 |
_aElectronic reproduction. _bPalo Alto, Calif. : _cebrary, _d2009. _nAvailable via World Wide Web. _nAccess may be limited to ebrary affiliated libraries. |
||
| 650 | 0 |
_aRadioactive waste disposal _zUnited States. _9249408 |
|
| 650 | 0 |
_aRadioactive wastes. _9249409 |
|
| 650 | 0 |
_aLow level radioactive waste disposal facilities _zUnited States. _9249410 |
|
| 655 | 7 |
_aElectronic books. _2local _9201578 |
|
| 710 | 2 |
_aNational Research Council (U.S.). _bCommittee on Improving Practices for Regulating and Managing Low-Activity Radioactive Wastes. _9249411 |
|
| 710 | 2 |
_aebrary, Inc. _925628 |
|
| 856 | 4 | 0 |
_uhttps://ezproxy.taylors.edu.my/login?url=http://site.ebrary.com/lib/taylorscollege/Doc?id=10120673 _zAn electronic book accessible through the World Wide Web; click to view |
| 999 | _c48943 | ||